| 000 | 00377nam a2200145Ia 4500 | ||
|---|---|---|---|
| 008 | 230917s9999||||xx |||||||||||||| ||und|| | ||
| 040 |
_e217677 _aMAIN |
||
| 041 | _aEnglish | ||
| 082 | _a515 S75F | ||
| 100 | _aSchroder, Bernd S W | ||
| 245 | 0 | _aMathematical analysis: A concise introduction | |
| 260 |
_aNew Delhi _bWiley India _c2013 |
||
| 300 | _axv, 562 p. | ||
| 942 | _cBK | ||
| 999 |
_c165893 _d165893 |
||